01431cam a22003617a 4500003000500000005001700005008004100022010000900063011000900072035000900081040000900090090001000099100003900109245018700148260004000335300002000375502008100395590003700476590004100513590004100554590004100595590004200636650002900678650002800707650004500735650004400780700004500824901000700869942001000876949004100886999001500927952012700942CHAP20220329133438.0971013s1992 mx r 00010 spa d a6488 a7460 a6683 cCHAP aTesis00aCortés Salvador, Rubén.92839510aActualización del balance geohidrológico y análisis de alternativas de explotación del acuífero de la región de La Laguna Durango-Coahuilac/por Rubén Cortés Salvador aChapingo, Méx. :bEl autor,c1992 a103 h. :bmapas aTesis (Ing. Agr. Esp. en Irrigación) -- UACH. Departamento de Irrigación aALEPHb10c20130110lUCH01h1219 aBATCH-UPDb10c20130110lUCH01h2001 aBATCH-UPDb10c20130410lUCH01h1321 aBATCH-UPDb10c20130914lUCH01h0525 aCONVERSIONb10c20130109lUCH01h130514aBalance hídrico.9960214aHidrogeología.95523614aRecursos hidráulicosxCoahuila.99509914aRecursos hidráulicosxDurango.9951020 aUgarte Solís, Donaldo Ramón.9116026 aBK cTESIS bBCcTESd-16291eTS1h25490i6683si c6488d6488 00102local4051708TESISaBCbBCcPA_TESISd2019-12-31fTESISl0oTesisp-16291r2019-12-31 00:00:00w2019-12-31yTESIS